[Event "World op 48th"]
[Site "ICC INT"]
[Date "2020.08.09"]
[Round "7"]
[White "Horton, Joe"]
[Black "Whipple, Lee"]
[Result "1-0"]
[WhiteElo "2198"]
[BlackElo "1737"]
[PlyCount "69"]
[EventDate "2020.08.07"]
[EventType "swiss"]
[EventRounds "9"]
[EventCountry "USA"]
[SourceTitle "CBM 197 Extra"]
[Source "ChessBase"]
[SourceDate "2020.09.30"]
[SourceVersion "1"]
[SourceVersionDate "2020.09.30"]
[SourceQuality "1"]

1. e4 c5 2. Nc3 e6 3. g3 b6 4. Bg2 Bb7 5. d3 Nf6 6. Nh3 d5 7. 0-0 d4 8. Ne2 e5 9. f4 Bd6 10. Nf2 0-0 11. f5 Nbd7 12. g4 Be7 13. h4 h5 14. g5 Nh7 15. Ng3 g6 16. Nh3 Rc8 17. Bf3 Rc6 18. f6 Ndxf6 19. gxf6 Bxf6 20. Bd2 Bxh4 21. Kh2 Bc8 22. Rg1 Kh8 23. Bxh5 Qd7 24. Nf2 Rf6 25. Bf3 Ng5 26. Bxg5 Bxg5 27. Kg2 Bf4 28. Bg4 Qd8 29. Bxc8 Qxc8 30. Qg4 Be3 31. Qh4+ Kg7 32. Ng4 Qxg4 33. Qxg4 Rf2+ 34. Kh3 Rh8+ 35. Nh5+ 1-0

[Event "World op 48th"]
[Site "ICC INT"]
[Date "2020.08.09"]
[Round "8"]
[White "Narayanan, Akash L"]
[Black "Horton, Joe"]
[Result "1/2-1/2"]
[WhiteElo "1768"]
[BlackElo "2198"]
[PlyCount "53"]
[EventDate "2020.08.07"]
[EventType "swiss"]
[EventRounds "9"]
[EventCountry "USA"]
[SourceTitle "CBM 197 Extra"]
[Source "ChessBase"]
[SourceDate "2020.09.30"]
[SourceVersion "1"]
[SourceVersionDate "2020.09.30"]
[SourceQuality "1"]

1. d4 g6 2. c4 Bg7 3. Nf3 d6 4. g3 Bg4 5. Bg2 Nc6 6. 0-0 Bxf3 7. Bxf3 Nxd4 8. Bxb7 Rb8 9. Bg2 c5 10. e3 Ne6 11. Qa4+ Kf8 12. Qxa7 h5 13. a4 h4 14. a5 hxg3 15. fxg3 Bxb2 16. Bxb2 Rxb2 17. a6 Nf6 18. Nc3 Ng4 19. Rfb1 Rxg2+ 20. Kxg2 Rxh2+ 21. Kg1 Ng5 22. Qb7 d5 23. Nd1 Nf3+ 24. Kf1 Nd2+ 25. Kg1 Nf3+ 26. Kf1 Nd2+ 27. Kg1 1/2-1/2

[Event "World op 48th"]
[Site "ICC INT"]
[Date "2020.08.07"]
[Round "3"]
[White "Horton, Joe"]
[Black "Xu, Andrew"]
[Result "1-0"]
[WhiteElo "2198"]
[BlackElo "1524"]
[PlyCount "61"]
[EventDate "2020.08.07"]
[EventType "swiss"]
[EventRounds "9"]
[EventCountry "USA"]
[SourceTitle "CBM 197 Extra"]
[Source "ChessBase"]
[SourceDate "2020.09.30"]
[SourceVersion "1"]
[SourceVersionDate "2020.09.30"]
[SourceQuality "1"]

1. e4 e5 2. Nf3 Nc6 3. Bb5 a6 4. Ba4 Nf6 5. d4 exd4 6. 0-0 Be7 7. e5 Nd5 8. Re1 0-0 9. Nxd4 Nb6 10. Bb3 d6 11. Nxc6 bxc6 12. Bf4 d5 13. c3 Bf5 14. Nd2 Bg5 15. Bg3 Re8 16. Nf3 Be7 17. Nd4 Bd7 18. Bc2 c5 19. Nf5 Qc8 20. Nxe7+ Rxe7 21. Bh4 Re8 22. Qh5 h6 23. Bf6 gxf6 24. Qxh6 f5 25. Re3 Re6 26. Rg3+ Rg6 27. Rxg6+ fxg6 28. Qxg6+ Kf8 29. Qf6+ Ke8 30. e6 Bxe6 31. Re1 1-0

[Event "World op 48th"]
[Site "ICC INT"]
[Date "2020.08.07"]
[Round "2"]
[White "Huang, Qiuyu"]
[Black "Horton, Joe"]
[Result "1-0"]
[WhiteElo "1990"]
[BlackElo "2198"]
[PlyCount "55"]
[EventDate "2020.08.07"]
[EventType "swiss"]
[EventRounds "9"]
[EventCountry "USA"]
[SourceTitle "CBM 197 Extra"]
[Source "ChessBase"]
[SourceDate "2020.09.30"]
[SourceVersion "1"]
[SourceVersionDate "2020.09.30"]
[SourceQuality "1"]

1. e4 e5 2. Nf3 Nc6 3. Bc4 Nf6 4. d3 Bc5 5. c3 d6 6. Bb3 Be6 7. 0-0 0-0 8. h3 h6 9. Re1 Qd7 10. Nbd2 Rae8 11. Bc2 a6 12. Nf1 d5 13. exd5 Bxd5 14. Ng3 Bb6 15. Be3 Bxe3 16. Rxe3 Bxf3 17. Qxf3 Nd5 18. Ree1 Re6 19. Ne4 Rg6 20. Nc5 Qd8 21. Nxb7 Qd7 22. d4 Rf6 23. Qe4 g6 24. Nc5 Qd8 25. Bb3 Nce7 26. dxe5 Rc6 27. Nd3 Kg7 28. Rad1 1-0

[Event "Dos Hermanas Internet qual-E 10th"]
[Site "ICC INT"]
[Date "2009.03.15"]
[Round "1"]
[White "Mareco, Sandro"]
[Black "Horton, Joe"]
[Result "1-0"]
[WhiteElo "2503"]
[BlackElo "2206"]
[PlyCount "123"]
[EventDate "2009.03.15"]
[EventType "swiss (blitz)"]
[EventRounds "12"]
[EventCountry "ESP"]
[SourceTitle "CBM 129 Extra"]
[Source "ChessBase"]
[SourceDate "2009.05.05"]
[SourceVersion "2"]
[SourceVersionDate "2009.05.20"]
[SourceQuality "1"]

1. d4 g6 2. e4 Bg7 3. Nc3 d6 4. f3 Nc6 5. Be3 e5 6. Nge2 exd4 7. Nxd4 Nxd4 8. Bxd4 Bxd4 9. Qxd4 Qf6 10. Qd2 Ne7 11. 0-0-0 Be6 12. h4 h5 13. Bb5+ c6 14. Be2 0-0-0 15. Qe3 Kb8 16. Rd2 d5 17. e5 Qg7 18. Qf4 Qh6 19. Qxh6 Rxh6 20. Bd3 Nf5 21. Bxf5 Bxf5 22. b4 Rhh8 23. Re1 Rhe8 24. f4 Kc7 25. Ne2 Bg4 26. Nd4 a5 27. a3 axb4 28. axb4 Ra8 29. Kb2 Ra4 30. Kc3 Rea8 31. Nb3 b6 32. Re3 Ra3 33. Kb2 Ra2+ 34. Kc3 R2a3 35. Re1 Ra2 36. Rf2 Bf5 37. g3 Bg4 38. Rff1 Bf5 39. Rf2 Bg4 40. Rb1 Bf5 41. Rb2 Rxb2 42. Kxb2 Bg4 43. Rd2 Ra4 44. c3 Bf5 45. Nd4 Bg4 46. Nc2 Ra8 47. b5 cxb5 48. Ne3 Be6 49. Nxd5+ Kc6 50. Nb4+ Kc5 51. Rd6 Rc8 52. Kc2 Bf5+ 53. Kd2 Be6 54. Nd3+ Kc4 55. Rxb6 Kb3 56. Rxb5+ Ka4 57. Rb4+ Ka5 58. Rd4 Rc7 59. Nb4 Kb5 60. Nc2 Kc5 61. Ne3 Ra7 62. Rb4 1-0

[Event "Dos Hermanas Internet qual-E 10th"]
[Site "ICC INT"]
[Date "2009.03.15"]
[Round "7"]
[White "Raptis, Nick"]
[Black "Horton, Joe"]
[Result "1-0"]
[WhiteElo "2270"]
[BlackElo "2206"]
[PlyCount "77"]
[EventDate "2009.03.15"]
[EventType "swiss (blitz)"]
[EventRounds "12"]
[EventCountry "ESP"]
[SourceTitle "CBM 129 Extra"]
[Source "ChessBase"]
[SourceDate "2009.05.05"]
[SourceVersion "2"]
[SourceVersionDate "2009.05.20"]
[SourceQuality "1"]

1. d4 g6 2. c4 Bg7 3. Nc3 d6 4. e4 Nc6 5. Be3 e5 6. d5 Nce7 7. Qd2 f5 8. f3 Nf6 9. 0-0-0 0-0 10. Bd3 a6 11. Kb1 Bd7 12. Nh3 b5 13. c5 dxc5 14. Bxc5 Re8 15. Ng5 Nc8 16. Ne6 Bxe6 17. dxe6 Nd6 18. Bxd6 cxd6 19. exf5 gxf5 20. Bxf5 Qe7 21. g4 Rad8 22. g5 Nh5 23. Nd5 Qb7 24. Rhg1 Nf4 25. Nf6+ Kh8 26. Nxe8 Rxe8 27. Qxd6 Qxf3 28. Qd7 Rg8 29. e7 Ne2 30. e8Q Nd4 31. Qxg8+ Kxg8 32. Qe8+ Bf8 33. Rxd4 Qxf5+ 34. Ka1 exd4 35. g6 hxg6 36. Qxg6+ Qxg6 37. Rxg6+ Kf7 38. Rxa6 Bh6 39. Rxh6 1-0

[Event "Dos Hermanas Internet qual-E 10th"]
[Site "ICC INT"]
[Date "2009.03.15"]
[Round "5"]
[White "Sampaoli, Cristian"]
[Black "Horton, Joe"]
[Result "0-1"]
[WhiteElo "2201"]
[BlackElo "2206"]
[PlyCount "104"]
[EventDate "2009.03.15"]
[EventType "swiss (blitz)"]
[EventRounds "12"]
[EventCountry "ESP"]
[SourceTitle "CBM 129 Extra"]
[Source "ChessBase"]
[SourceDate "2009.05.05"]
[SourceVersion "2"]
[SourceVersionDate "2009.05.20"]
[SourceQuality "1"]

1. d4 g6 2. c4 Bg7 3. Nc3 d6 4. e4 Nc6 5. d5 Nd4 6. Nge2 c5 7. dxc6 Nxc6 8. g3 Nf6 9. Bg2 0-0 10. 0-0 Be6 11. Nd5 Bd7 12. Nec3 a6 13. Be3 Nxd5 14. exd5 Ne5 15. Qe2 Rc8 16. b3 Nxc4 17. bxc4 Bxc3 18. Rab1 b5 19. Bh6 Bg7 20. Bxg7 Kxg7 21. Rfe1 Re8 22. Qb2+ Kg8 23. cxb5 Bxb5 24. Bh3 Rc5 25. Qd4 Qc7 26. Red1 Bc4 27. Bg2 Bxa2 28. Ra1 Bc4 29. Qf4 Bb5 30. Ra3 Rc4 31. Qh6 Rc2 32. Re3 Qc5 33. Bh3 Rc1 34. Ree1 Rxd1 35. Rxd1 Qc3 36. Qf4 Qe5 37. Qh4 Ra8 38. Bg2 a5 39. Rb1 Bd7 40. h3 Bf5 41. Rb7 a4 42. Rxe7 Qg7 43. Re2 a3 44. Qc4 Qb2 45. Bf1 Rb8 46. Qc7 Qb7 47. Qa5 Ra8 48. Qc3 a2 49. Rxa2 Rxa2 50. Qe3 Ra8 51. Qe8+ Rxe8 52. Be2 Rxe2 0-1

[Event "Dos Hermanas Internet qual-C 10th"]
[Site "ICC INT"]
[Date "2009.03.14"]
[Round "9"]
[White "Forsberg Conde, Martin"]
[Black "Horton, Joe"]
[Result "1-0"]
[WhiteElo "1846"]
[BlackElo "2206"]
[PlyCount "101"]
[EventDate "2009.03.14"]
[EventType "swiss (blitz)"]
[EventRounds "12"]
[EventCountry "ESP"]
[SourceTitle "CBM 129 Extra"]
[Source "ChessBase"]
[SourceDate "2009.05.05"]
[SourceVersion "2"]
[SourceVersionDate "2009.05.20"]
[SourceQuality "1"]

1. e4 g6 2. d4 Bg7 3. Nf3 d6 4. Bc4 Nf6 5. Nc3 0-0 6. 0-0 Bg4 7. Bg5 Nc6 8. h3 Bxf3 9. gxf3 h6 10. Bxf6 Bxf6 11. Ne2 Kh7 12. c3 e5 13. d5 Ne7 14. f4 exf4 15. Nxf4 Be5 16. Nd3 Bg7 17. f4 f5 18. e5 dxe5 19. Nxe5 c6 20. dxc6 Qb6+ 21. Qd4 Nxc6 22. Qxb6 axb6 23. Nd7 Rfd8 24. Nxb6 Ra5 25. Rad1 Rxd1 26. Rxd1 Rc5 27. b4 Rxc4 28. Nxc4 Bxc3 29. Rd7+ Kg8 30. a3 b6 31. Nxb6 Bd4+ 32. Kg2 Bxb6 33. Rd6 Bc7 34. Rxc6 Bxf4 35. a4 g5 36. b5 Kf7 37. b6 Ke7 38. a5 Kd7 39. Rxh6 g4 40. Rf6 gxh3+ 41. Kxh3 Bd2 42. Rxf5 Kc6 43. Kg3 Kb7 44. Kf3 Ka6 45. Ke4 Bxa5 46. Rxa5+ Kxa5 47. b7 Ka4 48. b8Q Ka3 49. Kd3 Ka2 50. Kc2 Ka3 51. Qb3# 1-0

[Event "Dos Hermanas Internet qual-C 10th"]
[Site "ICC INT"]
[Date "2009.03.14"]
[Round "12"]
[White "Horton, Joe"]
[Black "Leskovar, Mario Leopoldo"]
[Result "0-1"]
[WhiteElo "2206"]
[BlackElo "2357"]
[PlyCount "82"]
[EventDate "2009.03.14"]
[EventType "swiss (blitz)"]
[EventRounds "12"]
[EventCountry "ESP"]
[SourceTitle "CBM 129 Extra"]
[Source "ChessBase"]
[SourceDate "2009.05.05"]
[SourceVersion "2"]
[SourceVersionDate "2009.05.20"]
[SourceQuality "1"]

1. e4 g6 2. d4 Bg7 3. Nc3 Nc6 4. Nf3 d6 5. Be3 Bg4 6. Be2 Bxf3 7. Bxf3 e5 8. dxe5 dxe5 9. Nd5 Nd4 10. 0-0 c6 11. Bxd4 cxd5 12. Bc5 Rc8 13. Ba3 d4 14. Be2 Ne7 15. Bb5+ Nc6 16. c3 dxc3 17. Qb3 Bf8 18. Rfd1 Qb6 19. Bxf8 Kxf8 20. bxc3 Rc7 21. Rab1 Kg7 22. Qd5 Re8 23. a4 a6 24. Bf1 Qa5 25. Qd6 Rd8 26. Qa3 Rxd1 27. Rxd1 Ne7 28. h3 Qxc3 29. Qd6 Qc5 30. Qxc5 Rxc5 31. Rd7 Nc6 32. Rxb7 Nd4 33. g3 a5 34. Kg2 h5 35. Ra7 h4 36. g4 Ne6 37. Kf3 Rc3+ 38. Ke2 Nf4+ 39. Kd2 Rc5 40. Re7 Kf6 41. Bb5 Kxe7 0-1

[Event "Dos Hermanas Internet qual-C 10th"]
[Site "ICC INT"]
[Date "2009.03.14"]
[Round "7"]
[White "Horton, Joe"]
[Black "Stromboli, Ettore"]
[Result "0-1"]
[WhiteElo "2206"]
[BlackElo "2303"]
[PlyCount "72"]
[EventDate "2009.03.14"]
[EventType "swiss (blitz)"]
[EventRounds "12"]
[EventCountry "ESP"]
[SourceTitle "CBM 129 Extra"]
[Source "ChessBase"]
[SourceDate "2009.05.05"]
[SourceVersion "2"]
[SourceVersionDate "2009.05.20"]
[SourceQuality "1"]

1. e4 e6 2. d4 d5 3. Nd2 c5 4. c3 cxd4 5. cxd4 Nc6 6. Ngf3 Nf6 7. Bd3 dxe4 8. Nxe4 Bb4+ 9. Bd2 0-0 10. 0-0 a6 11. Bg5 Be7 12. Rc1 h6 13. Bh4 Nxe4 14. Bxe7 Nxf2 15. Rxf2 Qxe7 16. Qe2 Bd7 17. Qe4 f5 18. Qe2 Qd6 19. Qe3 Rad8 20. Rd2 Bc8 21. Bb1 Ne7 22. a3 Nd5 23. Qb3 b5 24. Ba2 Bb7 25. Ne5 Rc8 26. Re1 Rfd8 27. Qg3 Rc7 28. Qh4 Nf6 29. h3 Bd5 30. Bb1 Ne4 31. Rde2 Bb7 32. Rxe4 Bxe4 33. Rxe4 fxe4 34. Qxe4 Qxd4+ 35. Qxd4 Rxd4 36. Kf2 Rc1 0-1

[Event "Dos Hermanas Internet qual-C 10th"]
[Site "ICC INT"]
[Date "2009.03.14"]
[Round "11"]
[White "Tan, Justin"]
[Black "Horton, Joe"]
[Result "0-1"]
[WhiteElo "2281"]
[BlackElo "2206"]
[PlyCount "84"]
[EventDate "2009.03.14"]
[EventType "swiss (blitz)"]
[EventRounds "12"]
[EventCountry "ESP"]
[SourceTitle "CBM 129 Extra"]
[Source "ChessBase"]
[SourceDate "2009.05.05"]
[SourceVersion "2"]
[SourceVersionDate "2009.05.20"]
[SourceQuality "1"]

1. e4 g6 2. d4 Bg7 3. Nc3 d6 4. f4 Nc6 5. Nf3 Bg4 6. Be2 Bxf3 7. Bxf3 Nxd4 8. Be3 Nxf3+ 9. Qxf3 Nf6 10. e5 Nd7 11. exd6 cxd6 12. 0-0 0-0 13. Rad1 b6 14. Rfe1 Rc8 15. Bd4 Bxd4+ 16. Rxd4 Nf6 17. Qe2 e6 18. Red1 d5 19. Qe5 Nd7 20. Qe3 Qf6 21. Qh3 Qf5 22. Qxf5 gxf5 23. h3 Nf6 24. Kf2 Ne4+ 25. Nxe4 fxe4 26. c3 Rc5 27. Ke3 Rfc8 28. g4 Kg7 29. h4 Kf6 30. f5 Ke5 31. Rf1 Rc4 32. fxe6 fxe6 33. Rf7 R4c7 34. Rf1 Rg8 35. g5 h6 36. gxh6 Rh7 37. h5 Rg5 38. Rh1 Rxh6 39. c4 Rhxh5 40. Rf1 Rh3+ 41. Ke2 Kxd4 42. cxd5 Rg2+ 0-1

[Event "Dos Hermanas Internet qual-A 10th"]
[Site "ICC INT"]
[Date "2009.03.13"]
[Round "10"]
[White "Horton, Joe"]
[Black "Rodi, Luis Ernesto"]
[Result "0-1"]
[WhiteElo "2206"]
[BlackElo "2357"]
[PlyCount "104"]
[EventDate "2009.03.13"]
[EventType "swiss (blitz)"]
[EventRounds "12"]
[EventCountry "ESP"]
[SourceTitle "CBM 129 Extra"]
[Source "ChessBase"]
[SourceDate "2009.05.05"]
[SourceVersion "2"]
[SourceVersionDate "2009.05.20"]
[SourceQuality "1"]

1. e4 c5 2. Nf3 d6 3. d4 cxd4 4. Nxd4 Nf6 5. Nc3 g6 6. f3 Bg7 7. Be3 a6 8. Qd2 b5 9. Bh6 Bxh6 10. Qxh6 Bb7 11. 0-0-0 Nbd7 12. Bd3 Qa5 13. Kb1 Rc8 14. Rhf1 Rxc3 15. bxc3 Qxc3 16. Ne2 Qb4+ 17. Ka1 Ne5 18. Qd2 Qc5 19. f4 Nc4 20. Bxc4 Qxc4 21. e5 Ne4 22. Qd3 d5 23. f5 Qa4 24. Nd4 0-0 25. f6 exf6 26. exf6 Rc8 27. Qb3 Qa5 28. Rd3 Qc7 29. Rh3 Qe5 30. Rd1 Qxf6 31. Rf3 Qe5 32. Kb1 Rc4 33. Qd3 Nc3+ 34. Kc1 Nxd1 35. Kxd1 Rxd4 36. Qxd4 Qxd4+ 37. Rd3 Qg1+ 38. Kd2 Qxg2+ 39. Kc3 Qxh2 40. Kd4 Qf4+ 41. Kc3 Qc4+ 42. Kd2 d4 43. Ke2 Be4 44. Kd2 Bxd3 45. cxd3 Qc3+ 46. Ke2 Qc2+ 47. Kf3 Qxd3+ 48. Kf4 Qf5+ 49. Kg3 d3 50. Kg2 d2 51. Kg3 d1Q 52. Kg2 b4 0-1

[Event "Charlottetown inv-B"]
[Site "Charlottetown"]
[Date "2000.08.07"]
[Round "11"]
[White "Horton, Joe"]
[Black "O'Donnell, Tom"]
[Result "0-1"]
[WhiteElo "2255"]
[BlackElo "2362"]
[PlyCount "78"]
[EventDate "2000.??.??"]
[EventType "tourn"]
[EventRounds "11"]
[EventCountry "CAN"]
[SourceTitle "EXT 2002"]
[Source "ChessBase"]
[SourceDate "2001.11.25"]
[SourceVersion "1"]
[SourceVersionDate "2001.11.25"]
[SourceQuality "1"]

1. e4 c5 2. Nf3 d6 3. d4 cxd4 4. Nxd4 Nf6 5. Nc3 g6 6. Bb5+ Bd7 7. Bxd7+ Nbxd7 8. Be3 Bg7 9. f3 0-0 10. Qd2 d5 11. exd5 Nb6 12. b3 Nbxd5 13. Nxd5 Nxd5 14. Bf2 Qc7 15. 0-0 Nc3 16. Rae1 Rfd8 17. Rxe7 Qxe7 18. Qxc3 Rac8 19. Qd2 Qc5 20. Rd1 Bxd4 21. Bxd4 Qxc2 22. Qe1 Rd5 23. Rd2 Qc1 24. Rd1 Qf4 25. Bb2 Rxd1 26. Qxd1 Qe3+ 27. Kf1 h5 28. Qd6 Re8 29. Qd1 Qb6 30. Qd2 Qe3 31. Qd1 Kh7 32. Ba1 b5 33. Bb2 a5 34. Ba1 a4 35. Bb2 Kg8 36. h3 Kh7 37. Bc1 Qc3 38. Kf2 Rc8 39. Bd2 Qc2 0-1

[Event "Oz.com qual blitz"]
[Site "ICC INT"]
[Date "2000.03.05"]
[Round "3"]
[White "Ottosen, David"]
[Black "Horton, Joe"]
[Result "0-1"]
[WhiteElo "2114"]
[BlackElo "2255"]
[PlyCount "102"]
[EventDate "2000.03.05"]
[EventType "swiss (blitz)"]
[EventRounds "9"]
[EventCountry "USA"]
[SourceTitle "EXT 2001"]
[Source "ChessBase"]
[SourceDate "2000.11.22"]
[SourceVersion "1"]
[SourceVersionDate "2000.11.22"]
[SourceQuality "1"]

1. d4 Nf6 2. Bg5 e6 3. Nc3 Be7 4. Nf3 c5 5. e4 cxd4 6. Nxd4 Nc6 7. Qd2 a6 8. 0-0-0 Qa5 9. f4 h6 10. Bh4 Nxe4 11. Nxe4 Qxd2+ 12. Rxd2 Bxh4 13. Nd6+ Kf8 14. f5 Bg5 15. Nf3 Bxd2+ 16. Kxd2 Ke7 17. Nc4 b5 18. Ne3 Bb7 19. Bd3 Rhe8 20. Re1 Kf8 21. c3 Rac8 22. g4 Na5 23. Nd4 Nc4+ 24. Nxc4 bxc4 25. Bc2 e5 26. Ne2 d5 27. Ng3 f6 28. Ba4 Bc6 29. Bc2 Rb8 30. b3 Bb5 31. b4 Bc6 32. a4 d4 33. cxd4 exd4 34. Rb1 Re5 35. Nh5 Rbe8 36. Nf4 Kf7 37. b5 axb5 38. axb5 Rxb5 39. Ra1 Rb2 40. Ra7+ Re7 41. Rxe7+ Kxe7 42. Kc1 Ra2 43. Kb1 Ra3 44. Ne6 d3 45. Bd1 g5 46. Kb2 Ra8 47. Kc3 Ra1 48. Kd2 c3+ 49. Kxd3 Rxd1+ 50. Kxc3 Rh1 51. Nd4 Bd5 0-1

[Event "Oz.com qual blitz"]
[Site "ICC INT"]
[Date "2000.03.05"]
[Round "7"]
[White "Siraco, Maurizio"]
[Black "Horton, Joe"]
[Result "1-0"]
[WhiteElo "2165"]
[BlackElo "2255"]
[PlyCount "41"]
[EventDate "2000.03.05"]
[EventType "swiss (blitz)"]
[EventRounds "9"]
[EventCountry "USA"]
[SourceTitle "EXT 2001"]
[Source "ChessBase"]
[SourceDate "2000.11.22"]
[SourceVersion "1"]
[SourceVersionDate "2000.11.22"]
[SourceQuality "1"]

1. e4 e5 2. Nf3 Nc6 3. d4 exd4 4. Nxd4 Bc5 5. Be3 Qf6 6. c3 d6 7. Bc4 Nge7 8. Nxc6 Bxe3 9. fxe3 Qh4+ 10. g3 Qxe4 11. Bxf7+ Kxf7 12. 0-0+ Ke8 13. Nxe7 Bg4 14. Qd4 Qxd4 15. exd4 Kxe7 16. Nd2 Rhf8 17. Rae1+ Kd7 18. Rxf8 Rxf8 19. Kg2 Be6 20. c4 Bf5 21. Rf1 1-0

[Event "CAN-ch"]
[Site "Toronto"]
[Date "1996.??.??"]
[Round "8"]
[White "Horton, Joe"]
[Black "Baragar, Fletcher"]
[Result "0-1"]
[WhiteElo "2325"]
[BlackElo "2305"]
[PlyCount "64"]
[EventDate "1996.??.??"]
[EventType "tourn"]
[EventRounds "15"]
[EventCountry "CAN"]
[EventCategory "4"]
[SourceTitle "EXT 1998"]
[Source "ChessBase"]
[SourceDate "1997.11.17"]
[SourceVersion "1"]
[SourceVersionDate "1997.11.17"]
[SourceQuality "1"]

1. g3 d5 2. Bg2 Nf6 3. Nf3 c6 4. b3 Bg4 5. h3 Bh5 6. Bb2 e6 7. d3 Be7 8. Nbd2 0-0 9. e4 dxe4 10. dxe4 Bxf3 11. Qxf3 Qa5 12. a3 Nbd7 13. Qe2 e5 14. 0-0 Rfe8 15. f4 exf4 16. gxf4 Qh5 17. Rae1 Rad8 18. e5 Qxe2 19. Rxe2 Nh5 20. Kh2 Nc5 21. Nc4 Ne6 22. Bc1 Bh4 23. f5 Nd4 24. Re4 Ng3 25. Rxh4 Nxf1+ 26. Bxf1 Nf3+ 27. Kg3 Nxh4 28. Bd3 Rxd3+ 29. cxd3 Nxf5+ 30. Kf4 Nd4 31. Be3 Nxb3 32. Bxa7 b5 0-1

[Event "CAN-ch"]
[Site "Toronto"]
[Date "1996.??.??"]
[Round "11"]
[White "Leveille, Francois"]
[Black "Horton, Joe"]
[Result "0-1"]
[WhiteElo "2350"]
[BlackElo "2325"]
[PlyCount "80"]
[EventDate "1996.??.??"]
[EventType "tourn"]
[EventRounds "15"]
[EventCountry "CAN"]
[EventCategory "4"]
[SourceTitle "EXT 1998"]
[Source "ChessBase"]
[SourceDate "1997.11.17"]
[SourceVersion "1"]
[SourceVersionDate "1997.11.17"]
[SourceQuality "1"]

1. e4 g6 2. Nc3 Bg7 3. g3 c5 4. Bg2 Nc6 5. d3 e6 6. Be3 b6 7. Qd2 Bb7 8. Nge2 Nd4 9. Bxd4 cxd4 10. Nb5 d5 11. Qb4 Bf8 12. Qxd4 Nf6 13. Qa4 Bc6 14. exd5 exd5 15. Ned4 Bd7 16. 0-0 Bc5 17. Qb3 a6 18. Rfe1+ Kf8 19. c3 axb5 20. Nxb5 Ra5 21. a4 Kg7 22. Qc2 Bxb5 23. axb5 Rxa1 24. Rxa1 Re8 25. h3 Re7 26. d4 Bd6 27. Qb3 Bc7 28. Bf3 Ne4 29. Kg2 Qd6 30. Ra7 h5 31. h4 Nxf2 32. Rxc7 Ne4 33. Bxe4 Rxe4 34. Rc6 Re2+ 35. Kf1 Qe7 36. Qxd5 Re1+ 37. Kg2 Qe2+ 38. Kh3 Qg4+ 39. Kg2 Re2+ 40. Kf1 Re3 0-1

[Event "CAN-ch"]
[Site "Toronto"]
[Date "1996.??.??"]
[Round "3"]
[White "Schleifer, Michael"]
[Black "Horton, Joe"]
[Result "1-0"]
[WhiteElo "2270"]
[BlackElo "2325"]
[PlyCount "73"]
[EventDate "1996.??.??"]
[EventType "tourn"]
[EventRounds "15"]
[EventCountry "CAN"]
[EventCategory "4"]
[SourceTitle "EXT 1998"]
[Source "ChessBase"]
[SourceDate "1997.11.17"]
[SourceVersion "1"]
[SourceVersionDate "1997.11.17"]
[SourceQuality "1"]

1. Nf3 Nf6 2. g3 g6 3. Bg2 Bg7 4. 0-0 0-0 5. c4 c5 6. d4 cxd4 7. Nxd4 Nc6 8. Nc2 d6 9. Nc3 Be6 10. b3 Qd7 11. Bb2 Bh3 12. Ne3 Bxg2 13. Kxg2 Ne4 14. Na4 Ng5 15. Bxg7 Qh3+ 16. Kg1 Kxg7 17. Nc3 e5 18. Ned5 f5 19. f4 Ne6 20. Rf2 g5 21. Qf1 Qh5 22. e3 Rad8 23. Kh1 Rd7 24. b4 Kh8 25. a3 Rg7 26. Ne2 Rg6 27. Qe1 gxf4 28. exf4 Rh6 29. Qc3 Ncd4 30. Re1 Nxe2 31. Rexe2 Nd4 32. Re1 Re6 33. fxe5 dxe5 34. Nf4 Qf7 35. Nxe6 Nxe6 36. Qxe5+ Ng7 37. Qd4 1-0

[Event "CAN-ch"]
[Site "Toronto"]
[Date "1996.??.??"]
[Round "7"]
[White "Spraggett, Kevin"]
[Black "Horton, Joe"]
[Result "1-0"]
[WhiteElo "2530"]
[BlackElo "2325"]
[PlyCount "101"]
[EventDate "1996.??.??"]
[EventType "tourn"]
[EventRounds "15"]
[EventCountry "CAN"]
[EventCategory "4"]
[SourceTitle "EXT 1998"]
[Source "ChessBase"]
[SourceDate "1997.11.17"]
[SourceVersion "1"]
[SourceVersionDate "1997.11.17"]
[SourceQuality "1"]

1. c4 g6 2. g3 Bg7 3. Bg2 c5 4. e3 Nc6 5. Ne2 Nf6 6. Nbc3 0-0 7. d4 cxd4 8. exd4 d6 9. 0-0 Bf5 10. h3 Qc8 11. Kh2 e5 12. d5 Nb4 13. b3 h5 14. Bg5 Re8 15. Qd2 a5 16. Nb5 Ra6 17. Nec3 Nc2 18. Rac1 Nd4 19. Be3 Bxh3 20. Bxd4 Bxg2 21. Kxg2 exd4 22. Nxd4 Ne4 23. Nxe4 Rxe4 24. Nb5 a4 25. f3 Re7 26. b4 Qd7 27. Rfe1 Be5 28. Re2 Ra8 29. Rce1 Rae8 30. Qd3 Kg7 31. c5 dxc5 32. bxc5 Bf6 33. Nd6 Rd8 34. Rb1 Rb8 35. Ne4 Rbe8 36. Rbe1 Re5 37. Nxf6 Rxe2+ 38. Rxe2 Rxe2+ 39. Qxe2 Kxf6 40. Qb2+ Ke7 41. Qe5+ Kd8 42. d6 Qe8 43. Qb2 Qd7 44. Kf2 Qc6 45. Qf6+ Kc8 46. Qh8+ Kd7 47. Qe5 Kc8 48. Kg2 Qd7 49. a3 Qe6 50. Qxe6+ fxe6 51. Kh3 1-0

[Event "CAN-ch"]
[Site "Toronto"]
[Date "1996.??.??"]
[Round "1"]
[White "Yoos, John C"]
[Black "Horton, Joe"]
[Result "1-0"]
[WhiteElo "2335"]
[BlackElo "2325"]
[PlyCount "79"]
[EventDate "1996.??.??"]
[EventType "tourn"]
[EventRounds "15"]
[EventCountry "CAN"]
[EventCategory "4"]
[SourceTitle "EXT 1998"]
[Source "ChessBase"]
[SourceDate "1997.11.17"]
[SourceVersion "1"]
[SourceVersionDate "1997.11.17"]
[SourceQuality "1"]

1. e4 g6 2. d4 Bg7 3. Nc3 d6 4. Be3 a6 5. f3 b5 6. g4 h5 7. gxh5 Rxh5 8. Nge2 Nc6 9. Qd2 Bd7 10. Ng3 Rh8 11. 0-0-0 b4 12. Nce2 a5 13. Kb1 a4 14. Nc1 Qb8 15. h4 Nf6 16. Be2 Na5 17. b3 c5 18. dxc5 dxc5 19. f4 Bc6 20. Bxc5 axb3 21. cxb3 Nxe4 22. Nxe4 Bxe4+ 23. Bd3 Bxh1 24. Rxh1 Rh5 25. Bxb4 Qc7 26. Re1 Bf6 27. f5 gxf5 28. Qg2 Qb7 29. Qg8+ Kd7 30. Bb5+ Qxb5 31. Rd1+ Ke6 32. Qxa8 Nc6 33. Qc8+ Ke5 34. Qc7+ Ke4 35. Re1+ Kf3 36. a4 Qd5 37. Qh2 Rxh4 38. Qe2+ Kg3 39. Rg1+ Kh3 40. Qe3+ 1-0

[Event "Canada zt"]
[Site "Canada"]
[Date "1992.??.??"]
[Round "9"]
[White "Huber, Gregory"]
[Black "Horton, Joe"]
[Result "0-1"]
[WhiteElo "2320"]
[BlackElo "2305"]
[PlyCount "84"]
[EventDate "1992.??.??"]
[EventType "tourn"]
[EventRounds "11"]
[EventCountry "CAN"]
[EventCategory "4"]
[SourceTitle "TD"]
[Source "ChessBase"]
[SourceDate "1994.03.01"]
[SourceVersion "1"]
[SourceVersionDate "1994.03.01"]
[SourceQuality "1"]

1. e4 c5 2. Nc3 g6 3. Nge2 Bg7 4. g3 Nc6 5. Bg2 e6 6. d3 Nge7 7. Be3 Nd4 8. 0-0 0-0 9. Qd2 Rb8 10. Nc1 d6 11. Nd1 Re8 12. c3 Ndc6 13. a3 b5 14. d4 cxd4 15. cxd4 d5 16. e5 Nf5 17. b4 f6 18. f4 fxe5 19. fxe5 a5 20. Rb1 axb4 21. axb4 Bf8 22. Bh3 Nxe3 23. Nxe3 Qg5 24. Rf4 Bh6 25. Ng4 Rf8 26. Ne2 Rxf4 27. Nxf4 Bg7 28. Rc1 Bd7 29. Rc5 h5 30. Ne3 Nxd4 31. Qxd4 Bxe5 32. Rxd5 Bxd4 33. Rxg5 Bxe3+ 34. Kf1 Bxf4 35. gxf4 Kf7 36. Bg2 Rc8 37. Rc5 Ke7 38. Be4 Rf8 39. Bxg6 Rxf4+ 40. Ke2 h4 41. Rh5 Rxb4 42. Ke3 Bc6 0-1